| 000 | 00525nam a22001817a 4500 | ||
|---|---|---|---|
| 003 | SISC | ||
| 005 | 20160406103653.0 | ||
| 008 | 130830t xxu||||| |||| 00| 0 eng d | ||
| 020 | _a0340746203 | ||
| 050 |
_aHD 69 _b.F733 2000 |
||
| 082 |
_aHS 640.43 _b F77 2000 |
||
| 245 |
_aGet everything done and still have time to play / _cMark Forster |
||
| 260 |
_aLondon : _bHodder and Stoughton, _cc2000. |
||
| 300 |
_a96p. : _bill. ; _c18 cm. |
||
| 650 |
_aAutomobiles, Accesories _915802 |
||
| 942 |
_2lcc _cBK |
||
| 999 |
_c9995 _d9995 |
||